000 00537nam a2200169Ia 4500
005 20250923145128.0
008 008 250917s9999 xx 000 0 eng d
037 _aTextual
040 _aDSWL
_beng
_cDSWL
041 _aeng
_2eng
084 _aV2,4N27, N68
_qDSWL
100 _aDan, Conable
_9832051
245 0 _aStudy of dissention in the Indian communist movement
_cby Conable Dan
260 _aUSA
_bProgramme University of Wisconsin
_c1968
942 _cTEXL
_hV2,4N27, N68
999 _c1447494
_d1447494